000 00428nam a22001697a 4500
005 20251108165842.0
008 250721s1995 xx 000 0 ara d
082 1 4 _a808/عوا
100 1 _aالعوا، عادل
245 1 0 _aمواكب التهكم /
264 1 _aدمشق :
_bدار الفاضل،
_c1995.
300 _a212ص
650 1 7 _aالأدب
650 1 7 _aالفكاهة
942 _2ddc
_cBK
999 _c32947
_d32947